<?xml version="1.0" encoding="UTF-8"?><?xml-stylesheet type="text/xsl" href="static/style.xsl"?><OAI-PMH xmlns="http://www.openarchives.org/OAI/2.0/" xmlns:xsi="http://www.w3.org/2001/XMLSchema-instance" xsi:schemaLocation="http://www.openarchives.org/OAI/2.0/ http://www.openarchives.org/OAI/2.0/OAI-PMH.xsd"><responseDate>2026-04-17T06:47:45Z</responseDate><request verb="GetRecord" identifier="oai:www.recercat.cat:2072/394953" metadataPrefix="marc">https://recercat.cat/oai/request</request><GetRecord><record><header><identifier>oai:recercat.cat:2072/394953</identifier><datestamp>2026-03-05T22:32:39Z</datestamp><setSpec>com_2072_98</setSpec><setSpec>col_2072_378192</setSpec></header><metadata><record xmlns="http://www.loc.gov/MARC21/slim" xmlns:dcterms="http://purl.org/dc/terms/" xmlns:xsi="http://www.w3.org/2001/XMLSchema-instance" xmlns:doc="http://www.lyncode.com/xoai" xsi:schemaLocation="http://www.loc.gov/MARC21/slim http://www.loc.gov/standards/marcxml/schema/MARC21slim.xsd">
   <leader>00925njm 22002777a 4500</leader>
   <datafield ind2=" " ind1=" " tag="042">
      <subfield code="a">dc</subfield>
   </datafield>
   <datafield ind2=" " ind1=" " tag="720">
      <subfield code="a">Melero, Alejandro</subfield>
      <subfield code="e">author</subfield>
   </datafield>
   <datafield ind2=" " ind1=" " tag="260">
      <subfield code="c">2011</subfield>
   </datafield>
   <datafield ind2=" " ind1=" " tag="520">
      <subfield code="a">Entroncando con el reciente diálogo sobre el papel de los medios de comunicación en la Transición, se estudian las primeras representaciones de homosexuales en el cine democrático, centrándose en la importancia de la educación, de gran relevancia para el activismo de la época. Se utilizan distintas fuentes teóricas, desde relevantes estudios de la teoría queer y de género hasta material de archivo de grupos pro-gays del tardofranquismo. Se estudia cómo el interés por desmentir mitos en torno a la homosexualidad y convencer a la nueva sociedad democrática de la importancia de la aceptación de la diversidad sexual orientó el primer activismo, que recurrió a la estrategia del «caballo de Troya» para introducir en la sociedad, a través de los medios de comunicación, mensajes educativos. Se toma como ejemplo Los placeres ocultos (1976), para indagar en las dificultades planteadas por el uso de las narrativas fílmicas con intenciones pedagógicas, y entender los primeros pasos en la creación de unos discursos de escasa tradición en la cultura española.</subfield>
   </datafield>
   <datafield ind2=" " ind1=" " tag="520">
      <subfield code="a">Following the recent and vivid dialogue around the relevant role of the media in the Spanish transition to democracy, this article studies the first representations of homosexual characters in the democratic cinema, focusing on the importance of the question of education, of great significance for the LGTB activism of the time. It refers to different theoretical sources, including significant works of queer and gender theorists and archival material of the gay activism of the late Francoism. It studies how the first activism aimed to prove wrong old myths around homosexuality and to convince the new democratic society of the importance of the acceptance of sexual diversity, and how the so-called strategy of the «Trojan horse» was used in order to introduce, making use of the media, educational messages. The film Los placeres ocultos is taken as a case study to examine the legacy of the connection between education and LGTB liberation in cinema; the analysis is helpful to explore the difficulties of the use of film narratives with educational intentions, as well as to understand the first steps in the creation of innovative discourses of little tradition in Spanish culture.</subfield>
   </datafield>
   <datafield tag="653" ind2=" " ind1=" ">
      <subfield code="a">Pedagogia i audiovisual</subfield>
   </datafield>
   <datafield tag="653" ind2=" " ind1=" ">
      <subfield code="a">Història del cinema espanyol</subfield>
   </datafield>
   <datafield tag="653" ind2=" " ind1=" ">
      <subfield code="a">Estudis de gènere</subfield>
   </datafield>
   <datafield tag="653" ind2=" " ind1=" ">
      <subfield code="a">Activisme LGTB</subfield>
   </datafield>
   <datafield tag="653" ind2=" " ind1=" ">
      <subfield code="a">Pedagogía y audiovisual</subfield>
   </datafield>
   <datafield tag="653" ind2=" " ind1=" ">
      <subfield code="a">Historia del cine español</subfield>
   </datafield>
   <datafield tag="653" ind2=" " ind1=" ">
      <subfield code="a">Narrativa fílmic</subfield>
   </datafield>
   <datafield tag="653" ind2=" " ind1=" ">
      <subfield code="a">Teoría queer</subfield>
   </datafield>
   <datafield tag="653" ind2=" " ind1=" ">
      <subfield code="a">Estudios de género</subfield>
   </datafield>
   <datafield tag="653" ind2=" " ind1=" ">
      <subfield code="a">Activismo LGTB</subfield>
   </datafield>
   <datafield tag="653" ind2=" " ind1=" ">
      <subfield code="a">Foucault</subfield>
   </datafield>
   <datafield tag="653" ind2=" " ind1=" ">
      <subfield code="a">Media and Teaching</subfield>
   </datafield>
   <datafield tag="653" ind2=" " ind1=" ">
      <subfield code="a">Spanish film history</subfield>
   </datafield>
   <datafield tag="653" ind2=" " ind1=" ">
      <subfield code="a">Film narratives</subfield>
   </datafield>
   <datafield tag="653" ind2=" " ind1=" ">
      <subfield code="a">Queer theory</subfield>
   </datafield>
   <datafield tag="653" ind2=" " ind1=" ">
      <subfield code="a">Gender</subfield>
   </datafield>
   <datafield tag="653" ind2=" " ind1=" ">
      <subfield code="a">Studies</subfield>
   </datafield>
   <datafield tag="653" ind2=" " ind1=" ">
      <subfield code="a">LGTB activism</subfield>
   </datafield>
   <datafield ind2="0" ind1="0" tag="245">
      <subfield code="a">Educación y liberación homosexual en el cine del tardofranquismo</subfield>
   </datafield>
</record></metadata></record></GetRecord></OAI-PMH>